Score 0/16 Timer 02:00
0 Plays Today
Clue 4-Letter Word % Correct
Song with two peopleDUET
95.9%
Exclusive club feesDUES
81.4%
Took to courtSUED
76.9%
Telephone attachmentCORD
75.6%
● With Rung 9, beverage served in cans or bottles ● ● BEER ●
72.9%
Bit for Miss MuffetCURD
71.3%
Unsuccessful peopleDUDS
69.7%
Prompted an actorCUED
69%
Clue 4-Letter Word % Correct
Cows chew themCUDS
68.1%
□ With first rung, beverage served in cans or bottles □ □ COLA □
63.8%
ClairvoyantSEER
59.2%
March Madness rankingSEED
58.5%
□ With Rung 8, beverage served in cans or bottles □ □ DIET □
57.7%
● With last rung, beverage served in cans or bottles ● ● COLD ●
52.8%
Atlantic swimmersCODS
52.3%
Musical conclusionCODA
51.1%

Today's Daily Dose

Remove Ads.
Support Sporcle.
Get the best of Sporcle when you Go Orange. This ad-free experience offers more features, more stats, and more fun while also helping to support Sporcle. Thank you for becoming a member.

You're not logged in!

Compare scores with friends on all Sporcle quizzes.
OR
Log In

Show Comments

Extras

Top Quizzes Today


Score Distribution

Your Account Isn't Verified!

In order to create a playlist on Sporcle, you need to verify the email address you used during registration. Go to your Sporcle Settings to finish the process.

Report this User

Report this user for behavior that violates our Community Guidelines.

Details: